Statistiche per Gradi Ei

Clicka qui per fare il quiz!

Statistiche generali

  • Questo quiz è stato fatto 24 volte
  • Il punteggio medio è 20 su 29

Statistiche sulle risposte

HintRisposta% Corretto
.colonnello
100%
.tenente
100%
.tenente colonnello
100%
.capitano
92%
.caporale
92%
.caporale maggiore
92%
.maggiore
92%
.maresciallo
92%
.soldato
92%
.sergente
83%
.sergente maggiore
83%
.generale di corpo d'armata
75%
.sottotenente
75%
.generale di brigata
67%
.luogotenente
67%
.maresciallo capo
67%
.maresciallo ordinario
67%
.sergente maggiore capo
67%
.generale di divisione
58%
.graduato
58%
.graduato capo
58%
.graduato scelto
50%
.primo graduato
50%
.primo luogotenente
50%
.primo maresciallo
50%
.graduato aiutante
42%
.capo di stato maggiore della difesa
33%
.capo di stato maggiore dell'esercito
33%
.sergente maggiore aiutante
25%

Distribuzione punteggi

Percentile per numero di risposta

Percentuale di utenti per punteggio

I tuoi punteggi nel tempo

Non hai fatto questo quiz